Software testing technics (Record no. 172222)

000 -LEADER
fixed length control field 00370nam a2200145Ia 4500
008 - FIXED-LENGTH DATA ELEMENTS--GENERAL INFORMATION
fixed length control field 220217s9999||||xx |||||||||||||| ||und||
020 ## - INTERNATIONAL STANDARD BOOK NUMBER
International Standard Book Number 81-7722-060-0
082 ## - DEWEY DECIMAL CLASSIFICATION NUMBER
Classification number 005.14 BEI
100 ## - MAIN ENTRY--PERSONAL NAME
Personal name Beizer, Boris
9 (RLIN) 2668
245 #0 - TITLE STATEMENT
Title Software testing technics
250 ## - EDITION STATEMENT
Edition statement 2nd
260 ## - PUBLICATION, DISTRIBUTION, ETC.
Place of publication, distribution, etc. Dream tech
Name of publisher, distributor, etc. New Delhi
Date of publication, distribution, etc. 2000
300 ## - PHYSICAL DESCRIPTION
Other physical details 299
650 ## - SUBJECT ADDED ENTRY--TOPICAL TERM
Topical term or geographic name entry element SOFTWARE TESTING
Holdings
Withdrawn status Lost status Damaged status Not for loan Collection code Home library Current library Shelving location Date acquired Full call number Barcode Date last seen Price effective from Koha item type
        Computer Science and Engineering Central Library Central Library Book Cart 02/18/2022 005.14 BEI 7411 02/18/2022 02/18/2022 Books

Powered by Koha